Algebra lineal
Guardat en:
| Autors principals: | , |
|---|---|
| Altres autors: | |
| Format: | Llibre |
| Idioma: | espanyol |
| Publicat: |
Valparaíso
Universidad Católica de Valparaíso
1999
|
| Matèries: | |
| Etiquetes: |
Afegir etiqueta
Sense etiquetes, Sigues el primer a etiquetar aquest registre!
|
MARC
| LEADER | 00000nam a2200000 a 4500 | ||
|---|---|---|---|
| 001 | UCP1483 | ||
| 003 | CL-VaPUC | ||
| 005 | 20241205094352.0 | ||
| 008 | 990416e19990000CL |||||||||||||||||spa|d | ||
| 999 | |c 280155 |d 280153 | ||
| 040 | |c Pontificia Universidad Católica de Valparaíso | ||
| 082 | 0 | 4 | |a 512.5 |b ABU |2 21 |
| 100 | |a Aburto Hageman, Luisa Amada |e autora |9 757639 | ||
| 245 | 1 | 0 | |a Algebra lineal |
| 260 | |a Valparaíso |b Universidad Católica de Valparaíso |c 1999 | ||
| 300 | |a 251 p | ||
| 583 | |a last modification |c 20180731 17:34:12 |k Rodrigo Vera | ||
| 650 | 0 | |a Álgebra lineal |x Álgebra de matrices |9 260445 | |
| 650 | 0 | |a Ecuaciones |9 892006 | |
| 650 | 0 | |a Espacio vectorial |9 892007 | |
| 650 | 0 | |a Lógica matemática |9 892008 | |
| 700 | 0 | |a Jiménez Briones, Daniel |e author |9 19 | |
| 700 | |a Johnson Herrera, Roberto |e autor |9 20 | ||
| 942 | |c BK |2 ddc | ||
| 945 | |d 19990416 00:00:00 |a rbrito | ||
| 952 | |0 0 |1 0 |2 ddc |4 0 |6 512_500000000000000_ABU_1999 |7 0 |8 A |9 320192 |a BIBING |b BIBING |d 2019-11-20 |i 3513742 |l 2 |o 512.5 ABU 1999 |p 3513742 |r 2025-01-20 |s 2024-10-10 |w 2019-11-20 |y BK |k ING | ||
| 952 | |0 0 |1 0 |2 ddc |4 0 |6 512_500000000000000_ABU_1999 |7 0 |8 A |9 320194 |a BIBING |b BIBING |d 2019-11-20 |i 3513777 |l 1 |o 512.5 ABU 1999 |p 3513777 |r 2025-01-20 |s 2024-04-25 |w 2019-11-20 |y BK |k ING | ||
| 952 | |0 0 |1 0 |2 ddc |4 0 |6 512_500000000000000_ABU_1999 |7 0 |8 A |9 320197 |a BIBING |b BIBING |d 2019-11-20 |i 3513807 |l 4 |m 2 |o 512.5 ABU 1999 |p 3513807 |r 2025-01-20 |s 2024-06-03 |w 2019-11-20 |y BK |k ING | ||
| 952 | |0 0 |1 0 |2 ddc |4 0 |6 512_500000000000000_ABU_1999 |7 0 |8 A |9 320198 |a BIBING |b BIBING |d 2019-11-20 |i 3513815 |o 512.5 ABU 1999 |p 3513815 |r 2023-03-02 |w 2019-11-20 |y BK |k ING | ||
| 952 | |0 0 |1 0 |2 ddc |4 0 |6 512_500000000000000_ABU_1999 |7 0 |8 A |9 320200 |a BIBING |b BIBING |d 2019-11-20 |i 3513831 |l 7 |m 5 |o 512.5 ABU 1999 |p 3513831 |r 2025-01-20 |s 2024-08-13 |w 2019-11-20 |y BK |k ING | ||
| 952 | |0 0 |1 0 |2 ddc |4 0 |6 512_500000000000000_ABU_1999 |7 0 |8 A |9 320202 |a BIBING |b BIBING |d 2019-11-20 |i 3513866 |o 512.5 ABU 1999 |p 3513866 |r 2025-01-20 |w 2019-11-20 |y BK |k ING | ||
| 952 | |0 0 |1 0 |2 ddc |4 0 |6 512_500000000000000_ABU_1999 |7 0 |8 A |9 320204 |a BIBING |b BIBING |d 2019-11-20 |i 3513882 |l 5 |o 512.5 ABU 1999 |p 3513882 |r 2025-01-20 |s 2024-05-09 |w 2019-11-20 |y BK |k ING | ||
| 952 | |0 0 |1 0 |2 ddc |4 0 |6 512_500000000000000_ABU_1999 |7 0 |8 A |9 320210 |a BIBING |b BIBING |d 2019-11-20 |i 3513963 |o 512.5 ABU 1999 |p 3513963 |r 2023-03-02 |w 2019-11-20 |y BK |k ING | ||
| 952 | |0 0 |1 0 |4 0 |6 512_500000000000000_ABU_1999 |7 0 |8 A |9 320236 |a BIBING |b BIBING |d 2019-11-20 |i 3514323 |o 512.5 ABU 1999 |p 3514323 |r 2025-01-20 |w 2019-11-20 |y BK |k ING | ||
| 952 | |0 0 |1 0 |4 0 |6 512_500000000000000_ABU_1999 |7 0 |8 A |9 320250 |a BIBING |b BIBING |d 2019-11-20 |i 3514536 |o 512.5 ABU 1999 |p 3514536 |r 2023-03-02 |w 2019-11-20 |y BK |k ING | ||
| 952 | |0 0 |1 0 |4 0 |6 512_500000000000000_ABU_1999 |7 0 |8 A |9 320251 |a BIBING |b BIBING |d 2019-11-20 |i 3514544 |l 1 |o 512.5 ABU 1999 |p 3514544 |q 2016-11-22 |r 2020-07-29 |s 2020-07-29 |w 2019-11-20 |y BK |k ING | ||
| 952 | |0 0 |1 0 |4 0 |6 512_500000000000000_ABU_1999 |7 0 |8 A |9 320266 |a BIBMAT |b BIBMAT |d 2019-11-20 |i 3514722 |l 1 |o 512.5 ABU 1999 |p 3514722 |r 2025-01-07 |s 2024-08-29 |w 2019-11-20 |y BK |k MAT | ||
| 952 | |0 0 |1 0 |4 0 |6 512_500000000000000_ABU_1999 |7 0 |8 A |9 320267 |a BIBMAT |b BIBMAT |d 2019-11-20 |i 3514730 |l 9 |m 10 |o 512.5 ABU 1999 |p 3514730 |r 2025-01-07 |s 2024-09-26 |w 2019-11-20 |y BK |k MAT | ||
| 952 | |0 0 |1 0 |4 0 |6 512_500000000000000_ABU_1999 |7 0 |8 A |9 320268 |a BIBMAT |b BIBMAT |d 2019-11-20 |i 3514757 |o 512.5 ABU 1999 |p 3514757 |r 2025-01-07 |w 2019-11-20 |y BK |k MAT | ||
| 952 | |0 0 |1 0 |4 0 |6 512_500000000000000_ABU_1999 |7 0 |8 A |9 320269 |a BIBMAT |b BIBMAT |d 2019-11-20 |i 3514765 |l 3 |o 512.5 ABU 1999 |p 3514765 |r 2025-01-07 |s 2024-09-12 |w 2019-11-20 |y BK |k MAT | ||
| 952 | |0 0 |1 0 |4 0 |6 512_500000000000000_ABU_1999 |7 0 |8 A |9 320270 |a BIBMAT |b BIBMAT |d 2019-11-20 |i 3514773 |l 1 |o 512.5 ABU 1999 |p 3514773 |r 2025-01-07 |s 2024-08-29 |w 2019-11-20 |y BK |k MAT | ||
| 952 | |0 0 |1 0 |4 0 |6 512_500000000000000_ABU_1999 |7 0 |8 A |9 320271 |a BIBMAT |b BIBMAT |d 2019-11-20 |i 3514781 |l 2 |o 512.5 ABU 1999 |p 3514781 |r 2025-01-07 |s 2024-08-29 |w 2019-11-20 |y BK |k MAT | ||
| 952 | |0 0 |1 0 |4 0 |6 512_500000000000000_ABU_1999 |7 0 |8 A |9 320272 |a BIBMAT |b BIBMAT |d 2019-11-20 |i 351479K |l 1 |o 512.5 ABU 1999 |p 351479K |r 2025-01-07 |s 2024-08-29 |w 2019-11-20 |y BK |k MAT | ||
| 952 | |0 0 |1 0 |4 0 |6 512_500000000000000_ABU_1999 |7 0 |8 A |9 320273 |a BIBMAT |b BIBMAT |d 2019-11-20 |i 3514803 |o 512.5 ABU 1999 |p 3514803 |r 2025-01-07 |w 2019-11-20 |y BK |k MAT | ||
| 952 | |0 0 |1 0 |4 0 |6 512_500000000000000_ABU_1999 |7 0 |8 A |9 320275 |a BIBMAT |b BIBMAT |d 2019-11-20 |i 351482K |o 512.5 ABU 1999 |p 351482K |r 2025-01-07 |w 2019-11-20 |y BK |k MAT | ||
| 952 | |0 0 |1 0 |4 0 |6 512_500000000000000_ABU_1999 |7 0 |8 A |9 320277 |a BIBMAT |b BIBMAT |d 2019-11-20 |i 3514846 |o 512.5 ABU 1999 |p 3514846 |r 2025-01-07 |w 2019-11-20 |y BK |k MAT | ||
| 952 | |0 0 |1 0 |4 0 |6 512_500000000000000_ABU_1999 |7 0 |8 A |9 320278 |a BIBMAT |b BIBMAT |d 2019-11-20 |i 3514854 |l 1 |o 512.5 ABU 1999 |p 3514854 |r 2025-01-07 |s 2024-08-29 |w 2019-11-20 |y BK |k MAT | ||
| 952 | |0 0 |1 0 |4 0 |6 512_500000000000000_ABU_1999 |7 0 |8 A |9 320279 |a BIBMAT |b BIBMAT |d 2019-11-20 |i 3514862 |o 512.5 ABU 1999 |p 3514862 |r 2025-01-07 |w 2019-11-20 |y BK |k MAT | ||
| 952 | |0 0 |1 0 |4 0 |6 512_500000000000000_ABU_1999 |7 0 |8 A |9 320280 |a BIBMAT |b BIBMAT |d 2019-11-20 |i 3514870 |l 2 |o 512.5 ABU 1999 |p 3514870 |r 2025-01-07 |s 2023-04-18 |w 2019-11-20 |y BK |k MAT | ||
| 952 | |0 0 |1 0 |4 0 |6 512_500000000000000_ABU_1999 |7 0 |8 A |9 320281 |a BIBMAT |b BIBMAT |d 2019-11-20 |i 3514889 |l 6 |o 512.5 ABU 1999 |p 3514889 |r 2025-01-07 |s 2024-10-02 |w 2019-11-20 |y BK |k MAT | ||
| 952 | |0 0 |1 0 |4 0 |6 512_500000000000000_ABU_1999 |7 0 |8 A |9 320282 |a BIBMAT |b BIBMAT |d 2019-11-20 |i 3514897 |l 2 |o 512.5 ABU 1999 |p 3514897 |r 2025-01-07 |s 2024-09-12 |w 2019-11-20 |y BK |k MAT | ||
| 952 | |0 0 |1 0 |4 0 |6 512_500000000000000_ABU_1999 |7 0 |8 A |9 320283 |a BIBMAT |b BIBMAT |d 2019-11-20 |i 3514919 |l 10 |o 512.5 ABU 1999 |p 3514919 |r 2025-01-07 |s 2024-12-02 |w 2019-11-20 |y BK |k MAT | ||
| 952 | |0 0 |1 0 |4 0 |6 512_500000000000000_ABU_1999 |7 0 |8 A |9 320284 |a BIBMAT |b BIBMAT |d 2019-11-20 |i 3514927 |o 512.5 ABU 1999 |p 3514927 |r 2025-01-07 |w 2019-11-20 |y BK |k MAT | ||
| 952 | |0 0 |1 0 |4 0 |6 512_500000000000000_ABU_1999 |7 0 |8 A |9 320285 |a BIBMAT |b BIBMAT |d 2019-11-20 |i 3514935 |l 1 |o 512.5 ABU 1999 |p 3514935 |r 2025-01-07 |s 2024-08-29 |w 2019-11-20 |y BK |k MAT | ||
| 952 | |0 0 |1 0 |4 0 |6 512_500000000000000_ABU_1999 |7 0 |8 A |9 320286 |a BIBMAT |b BIBMAT |d 2019-11-20 |i 3514943 |o 512.5 ABU 1999 |p 3514943 |r 2025-01-07 |w 2019-11-20 |y BK |k MAT | ||
| 952 | |0 0 |1 0 |4 0 |6 512_500000000000000_ABU_1999 |7 0 |8 A |9 320288 |a BIBMAT |b BIBMAT |d 2019-11-20 |i 3514978 |l 6 |m 2 |o 512.5 ABU 1999 |p 3514978 |r 2025-04-11 |s 2025-04-04 |w 2019-11-20 |y BK |k MAT | ||
| 952 | |0 0 |1 0 |4 0 |6 512_500000000000000_ABU_1999 |7 0 |8 A |9 320289 |a BIBMAT |b BIBMAT |d 2019-11-20 |i 3514986 |l 3 |o 512.5 ABU 1999 |p 3514986 |r 2025-01-07 |s 2024-11-13 |w 2019-11-20 |y BK |k MAT | ||
| 952 | |0 0 |1 0 |4 0 |6 512_500000000000000_ABU_1999 |7 0 |8 A |9 320290 |a BIBMAT |b BIBMAT |d 2019-11-20 |i 3514994 |o 512.5 ABU 1999 |p 3514994 |r 2025-01-07 |w 2019-11-20 |y BK |k MAT | ||
| 952 | |0 0 |1 0 |4 0 |6 512_500000000000000_ABU_1999 |7 0 |8 A |9 320293 |a BIBMAT |b BIBMAT |d 2019-11-20 |i 3515036 |o 512.5 ABU 1999 |p 3515036 |r 2025-01-07 |w 2019-11-20 |y BK |k MAT | ||
| 952 | |0 0 |1 0 |4 0 |6 512_500000000000000_ABU_1999 |7 0 |8 A |9 320294 |a BIBMAT |b BIBMAT |d 2019-11-20 |i 3515052 |l 1 |o 512.5 ABU 1999 |p 3515052 |r 2025-01-07 |s 2024-08-29 |w 2019-11-20 |y BK |k MAT | ||
| 952 | |0 0 |1 0 |4 0 |6 512_500000000000000_ABU_1999 |7 0 |8 A |9 320295 |a BIBMAT |b BIBMAT |d 2019-11-20 |i 3515060 |l 4 |o 512.5 ABU 1999 |p 3515060 |r 2025-01-07 |s 2024-09-26 |w 2019-11-20 |y BK |k MAT | ||
| 952 | |0 0 |1 0 |4 0 |6 512_500000000000000_ABU_1999 |7 0 |8 A |9 320296 |a BIBMAT |b BIBMAT |d 2019-11-20 |i 3515087 |o 512.5 ABU 1999 |p 3515087 |r 2025-01-07 |w 2019-11-20 |y BK |k MAT | ||
| 952 | |0 0 |1 0 |4 0 |6 512_500000000000000_ABU_1999 |7 0 |8 A |9 320297 |a BIBMAT |b BIBMAT |d 2019-11-20 |i 3515095 |o 512.5 ABU 1999 |p 3515095 |r 2025-01-07 |w 2019-11-20 |y BK |k MAT | ||
| 952 | |0 0 |1 0 |4 0 |6 512_500000000000000_ABU_1999 |7 0 |8 A |9 320298 |a BIBMAT |b BIBMAT |d 2019-11-20 |i 3515109 |o 512.5 ABU 1999 |p 3515109 |r 2025-01-07 |w 2019-11-20 |y BK |k MAT | ||
| 952 | |0 0 |1 0 |4 0 |6 512_500000000000000_ABU_1999 |7 0 |8 A |9 320299 |a BIBMAT |b BIBMAT |d 2019-11-20 |i 3515117 |o 512.5 ABU 1999 |p 3515117 |r 2025-01-07 |w 2019-11-20 |y BK |k MAT | ||
| 952 | |0 0 |1 0 |4 0 |6 512_500000000000000_ABU_1999 |7 0 |8 A |9 320302 |a BIBMAT |b BIBMAT |d 2019-11-20 |i 3515141 |o 512.5 ABU 1999 |p 3515141 |r 2025-01-07 |w 2019-11-20 |y BK |k MAT | ||
| 952 | |0 0 |1 0 |4 0 |6 512_500000000000000_ABU_1999 |7 0 |8 A |9 320303 |a BIBMAT |b BIBMAT |d 2019-11-20 |i 351515K |o 512.5 ABU 1999 |p 351515K |r 2025-01-07 |w 2019-11-20 |y BK |k MAT | ||
| 952 | |0 0 |1 0 |4 0 |6 512_500000000000000_ABU_1999 |7 0 |8 A |9 320305 |a BIBMAT |b BIBMAT |d 2019-11-20 |i 3515176 |l 3 |o 512.5 ABU 1999 |p 3515176 |r 2025-01-07 |s 2024-09-26 |w 2019-11-20 |y BK |k MAT | ||
| 952 | |0 0 |1 0 |4 0 |6 512_500000000000000_ABU_1999 |7 0 |8 A |9 320306 |a BIBMAT |b BIBMAT |d 2019-11-20 |i 3515184 |o 512.5 ABU 1999 |p 3515184 |r 2025-01-07 |w 2019-11-20 |y BK |k MAT | ||
| 952 | |0 0 |1 0 |4 0 |6 512_500000000000000_ABU_1999 |7 0 |8 A |9 320307 |a BIBMAT |b BIBMAT |d 2019-11-20 |i 3515192 |o 512.5 ABU 1999 |p 3515192 |r 2025-01-07 |w 2019-11-20 |y BK |k MAT | ||
| 952 | |0 0 |1 0 |2 ddc |4 0 |6 512_500000000000000_ABU_1999 |7 0 |8 A |9 320314 |a BIBALI |b BIBALI |c GEN |d 2019-11-20 |i 3544303 |o 512.5 ABU 1999 |p 3544303 |r 2025-01-20 |w 2019-11-20 |y BK |k ALI | ||
| 952 | |0 0 |1 0 |4 0 |6 512_500000000000000_ABU_1999 |7 0 |8 R |9 320317 |a BIBENE |b BIBENE |d 2019-11-20 |i 3550699 |o 512.5 ABU 1999 |p 3550699 |r 2025-01-15 |w 2019-11-20 |y BK_R |k ICO | ||
| 952 | |0 0 |1 0 |4 0 |6 512_500000000000000_ABU_1999 |7 0 |8 A |9 320320 |a BIBING |b BIBING |d 2019-11-20 |i 4134877 |l 1 |o 512.5 ABU 1999 |p 4134877 |q 2020-08-28 |r 2020-08-27 |s 2020-08-27 |w 2019-11-20 |y BK |k ING | ||
| 952 | |0 0 |1 0 |4 0 |6 512_500000000000000_ABU_1999 |7 0 |8 A |9 320321 |a BIBMAT |b BIBMAT |d 2019-11-20 |i 4207637 |l 2 |o 512.5 ABU 1999 |p 4207637 |r 2025-01-07 |s 2024-09-12 |w 2019-11-20 |y BK |k MAT | ||